000 00611nam a2200229 4500
003 OSt
005 20260530115308.0
008 260420b1972 sp |||| |||| 00| 0 spa d
040 _aICI
_bspa
_cICI
050 1 4 _aHB199
_bT39
100 1 _aTawney, R. H.
_d1880-1962,
_932443
245 1 3 _aLa sociedad adquisitiva
264 1 _b Alianza,
_c1972
_aMadrid :
300 _a208 páginas
336 _atexto
_2rdacontent
337 _asin medio
_2rdamedia
338 _avolumen
_2rdacarrier
650 4 _aEconomía
_914865
650 4 _aIndustrias
_932444
650 4 _aProblemas sociales
_917223
942 _2lcc
_cBK
999 _c13225
_d13225